Sports Quiz

Random Sports Quiz

20 highest paid players for 2013-2014 season Quiz Stats

 Plays Quiz not verified by Sporcle

Challenge
Share
Tweet
Embed
Score 0/20 Timer 01:00
0 Plays Today
Salary Player % Correct
$30,453,805Kobe Bryant
100%
$19,067,500LeBron James
96.4%
$22,721,381Dirk Nowitzki
94.6%
$19,067,500Chris Bosh
94.6%
$18,673,000Dwyane Wade
94.6%
$19,285,850Pau Gasol
92%
$21,388,953Carmelo Anthony
92%
$20,513,178Dwight Howard
90.2%
$18,668,431Chris Paul
90.2%
$21,679,893Amar'e Stoudemire
87.5%
Salary Player % Correct
$18,466,130Deron Williams
85.7%
$21,466,718Joe Johnson
83%
$17,632,688Derrick Rose
80.4%
$15,333,334Paul Pierce
80.4%
$17,832,627Kevin Durant
79.5%
$16,441,500Blake Griffin
76.8%
$18,238,333Zach Randolph
75.9%
$17,888,932Rudy Gay
65.2%
$14,878,000LaMarcus Aldridge
65.2%
$15,300,000Carlos Boozer
63.4%

You're not logged in!

Compare scores with friends on all Sporcle quizzes.
OR
Log In

You Might Also Like...

Show Comments

Extras

Top Quizzes Today


Score Distribution

Your Account Isn't Verified!

In order to create a playlist on Sporcle, you need to verify the email address you used during registration. Go to your Sporcle Settings to finish the process.

Report this User

Report this user for behavior that violates our Community Guidelines.

Details: